000 00463nam a22001697a 4500
005 20170926145656.0
010 _aENG-120731
020 _c300.00
035 _aEN-104263
037 _bDBAD/PUB
082 _a352.03
245 _aIllustrated dictionary of marketing & sales /
260 _aNoida
_bCalvin Publishing
_c2011
270 _aB-114,Sector-55
_bNoida (U.P.)
300 _a224p.:
_c23cm(Hb).
_bill.
942 _2ddc
_cEN
_h353.03
_mILL
999 _c145557
_d145557